<?xml version="1.0" encoding="utf-8"?>
<?xml-stylesheet type='text/xsl' href='./oai2.xsl'?>
<OAI-PMH xmlns="http://www.openarchives.org/OAI/2.0/" xmlns:xsi="http://www.w3.org/2001/XMLSchema-instance" xsi:schemaLocation="http://www.openarchives.org/OAI/2.0/ http://www.openarchives.org/OAI/2.0/OAI-PMH.xsd">
  <responseDate>2026-06-04T21:25:10Z</responseDate>
  <request verb="GetRecord" metadataPrefix="marcxml" identifier="record_kuniweb_68648">https://kulturerbe.niedersachsen.de/oai</request>
  <GetRecord>
    <record>
      <header>
        <identifier>record_kuniweb_68648</identifier>
        <datestamp>2022-09-26T06:34:11Z</datestamp>
        <setSpec>slg0188</setSpec>
      </header>
      <metadata>
        <marc:record xmlns:marc="http://www.loc.gov/MARC21/slim" xsi:schemaLocation="http://www.loc.gov/MARC21/slim http://www.loc.gov/standards/marcxml/schema/MARC21slim.xsd">
          <marc:leader>12345nrm  22     uu 4500</marc:leader>
          <marc:controlfield tag="001">68648</marc:controlfield>
          <marc:controlfield tag="003">http://kuniweb.gbv.de</marc:controlfield>
          <marc:controlfield tag="005">2022-04-28T08:24:17</marc:controlfield>
          <marc:controlfield tag="008">|           ||||||||||||||||||||||</marc:controlfield>
          <marc:datafield tag="245" ind1="1" ind2="0">
            <marc:subfield code="a">Elektromechanische Rechenmaschine mit Zubehör Marke Brunsviga Typ 11 E (ohne Seriennummer)</marc:subfield>
          </marc:datafield>
          <marc:datafield tag="710" ind1="2" ind2=" ">
            <marc:subfield code="a">Brunsviga-Maschinenwerke Grimme, Natalis und Co.</marc:subfield>
            <marc:subfield code="e">HerstellerIn</marc:subfield>
          </marc:datafield>
          <marc:datafield tag="700" ind1="1" ind2=" ">
            <marc:subfield code="a">Trinks</marc:subfield>
            <marc:subfield code="d">* 19.06.1852 † 02.10.1931</marc:subfield>
            <marc:subfield code="e">Vorbild / IdeengeberIn</marc:subfield>
          </marc:datafield>
          <marc:datafield tag="655" ind1=" " ind2="7">
            <marc:subfield code="a">Technik</marc:subfield>
          </marc:datafield>
          <marc:datafield tag="046" ind1=" " ind2=" ">
            <marc:subfield code="k">1947</marc:subfield>
            <marc:subfield code="k">1950er Jahre</marc:subfield>
            <marc:subfield code="l">1952</marc:subfield>
          </marc:datafield>
          <marc:datafield tag="260" ind1=" " ind2=" ">
            <marc:subfield code="g">1947</marc:subfield>
            <marc:subfield code="g">1952</marc:subfield>
            <marc:subfield code="g">1950er Jahre</marc:subfield>
          </marc:datafield>
          <marc:datafield tag="300" ind1=" " ind2=" ">
            <marc:subfield code="a">Breite: 10 cm
Höhe: 20 cm</marc:subfield>
          </marc:datafield>
          <marc:datafield tag="520" ind1=" " ind2=" ">
            <marc:subfield code="a">Elektromechanische Rechenmaschine, Vier-Spezies-Rechenmaschine mit elektromotorischem Antrieb und geteilter Staffelwalze. Marke Brunsviga, Typ 11 E. Funktion nicht überprüft. (Städtisches Museum Braunschweig)

Verwendungszweck:
Rechenoperationen: Multiplikation, Division, Addition und Subtraktion im 7 stelligen Zahlenbereich

Literatur in Zusammenhang:
J. Ramm, „Brunsviga - Gehirn von Stahl : Rechenmaschinen aus Braunschweig ; [Ausstellung im Braunschweigischen Landesmuseum, 8.7. - 2.11.2008 ; Katalog]. Veröffentlichungen des Braunschweigischen Landesmuseum ; 112“. Braunschweigisches Landesmuseum, Braunschweig, 2008.</marc:subfield>
          </marc:datafield>
          <marc:datafield tag="650" ind1="1" ind2=" ">
            <marc:subfield code="a">Rechenmaschine</marc:subfield>
          </marc:datafield>
          <marc:datafield tag="650" ind1="1" ind2=" ">
            <marc:subfield code="a">Bürogerät, Informationsgerät &gt; Rechengerät &gt; Rechenmaschine</marc:subfield>
          </marc:datafield>
          <marc:datafield tag="650" ind1="1" ind2=" ">
            <marc:subfield code="a">Rechnen</marc:subfield>
          </marc:datafield>
          <marc:datafield tag="773" ind1="0" ind2=" ">
            <marc:subfield code="t">Sammlung Technik</marc:subfield>
          </marc:datafield>
          <marc:datafield tag="852" ind1=" " ind2=" ">
            <marc:subfield code="a">Städtisches Museum Braunschweig</marc:subfield>
          </marc:datafield>
          <marc:datafield tag="852" ind1=" " ind2=" ">
            <marc:subfield code="a">Braunschweig</marc:subfield>
          </marc:datafield>
          <marc:datafield tag="" ind1=" " ind2=" ">
            <marc:subfield code="a">Namensnennung - Nicht kommerziell - Keine Bearbeitungen 4.0 International (CC BY-NC-ND 4.0)</marc:subfield>
          </marc:datafield>
        </marc:record>
      </metadata>
    </record>
  </GetRecord>
</OAI-PMH>
